Body image and the practice of using fitness centers: (Record no. 9025)

MARC details
000 -LEADER
fixed length control field 00448nam a22001457a 4500
005 - DATE AND TIME OF LATEST TRANSACTION
control field 20260306042958.0
008 - FIXED-LENGTH DATA ELEMENTS--GENERAL INFORMATION
fixed length control field 220718b |||||||| |||| 00| 0 eng d
082 ## - DEWEY DECIMAL CLASSIFICATION NUMBER
Classification number POL.SOC CAP NO.162
100 ## - MAIN ENTRY--PERSONAL NAME
Personal name Dorji, Yeshi
245 ## - TITLE STATEMENT
Title Body image and the practice of using fitness centers:
Remainder of title a case study in Thimphu
260 ## - PUBLICATION, DISTRIBUTION, ETC.
Place of publication, distribution, etc. Thimphu :
Name of publisher, distributor, etc. Royal Thimphu College,
Date of publication, distribution, etc. 2022.
300 ## - PHYSICAL DESCRIPTION
Extent v, 61 p.
Dimensions 30 cm.
650 ## - SUBJECT ADDED ENTRY--TOPICAL TERM
Topical term or geographic name entry element Student research work
942 ## - Added entry Elements (Koha)
Source of classification or shelving scheme Dewey Decimal Classification
Koha item type Main
Holdings
Withdrawn status Lost status Source of classification or shelving scheme Damaged status Not for loan Collection code Home library Current library Shelving location Date acquired Serial Enumeration / chronology Total Checkouts Full call number Barcode Date last seen Date last checked out Price effective from Koha item type
    Dewey Decimal Classification     Student work RTC Library RTC Library Student work 18/07/2022 16491 3 POL.SCI CAP NO.162 30015551 02/09/2025 27/08/2025 18/07/2022 Main
Royal Thimphu College || All Right Reserved